000 00559nam a22001937a 4500
003 OSt
005 20160422165113.0
008 160422b xxu||||| |||| 00| 0 eng d
020 _a9027977070.
040 _cDDC.
082 _a320.4DOO 1978.
100 _aDoornbos,R.Martin;
_98200
245 _aNot all the King's Men.
_bInequality as a political Instrument in Ankole,Uganda;
260 _aNew York.
_bMounton.
_c1978.
300 _axiv,232p;
_bill;
_c25cm.
504 _aincludes index and Bibliography.
650 _aPolitical.
_96695
942 _2ddc
_cSLOAN
999 _c3703
_d3703